000 00678nam a22002177a 4500
003 0
005 20250115120037.0
008 250115b xxu||||| |||| 00| 0 eng d
020 _a978-621-435-046-9
050 _aHD 31
_b.M34 2021
100 _aMagayon, Ma. Victoria C.
245 _aOrganization and management
_cMa. Victoria C. Magayon
260 _aBulacan
_bKLEAFS Publishing
_c2021
300 _ax, 182 pages :
_billustrations and pictures ;
_c26cm.
504 _aIncludes bibliographical references and glossary.
650 _aOrganization.
650 _aManagement.
650 _aPlanning--Management.
650 _aLeading-Management.
942 _2lcc
_cBK
999 _c366975
_d366975